India, Pakistan and ceylon : (Record no. 130528)

MARC details
000 -LEADER
fixed length control field 00783nam a22002657a 4500
005 - DATE AND TIME OF LATEST TRANSACTION
control field 20170124110113.0
010 ## - LIBRARY OF CONGRESS CONTROL NUMBER
LC control number 690651
020 ## - INTERNATIONAL STANDARD BOOK NUMBER
Terms of availability 00.00
035 ## - SYSTEM CONTROL NUMBER
System control number 690651
037 ## - SOURCE OF ACQUISITION
Source of stock number/acquisition Cen Lib/Ret
040 ## - CATALOGING SOURCE
Original cataloging agency DPL
Language of cataloging EN
082 ## - DEWEY DECIMAL CLASSIFICATION NUMBER
Classification number 915
Item number SPA
100 ## - MAIN ENTRY--PERSONAL NAME
Personal name Spate, O.H.K.
9 (RLIN) 29431
245 ## - TITLE STATEMENT
Title India, Pakistan and ceylon :
Statement of responsibility, etc by O. H. K. Spate ; A. T. A. Learmonth [and] B. H. Farmer
Remainder of title the regions. /
250 ## - EDITION STATEMENT
Edition statement 2nd ed
260 ## - PUBLICATION, DISTRIBUTION, ETC. (IMPRINT)
Place of publication, distribution, etc London
Name of publisher, distributor, etc Methuen & Co.
Date of publication, distribution, etc 1967
270 ## - ADDRESS
Address 11,New Fetter Lane
City London
300 ## - PHYSICAL DESCRIPTION
Extent xxvii, 861p. :
Dimensions 22cm(Hb)
Other physical details ill.
500 ## - GENERAL NOTE
General note Includes index
650 ## - SUBJECT ADDED ENTRY--TOPICAL TERM
Topical term or geographic name as entry element Physical geography
9 (RLIN) 29432
650 ## - SUBJECT ADDED ENTRY--TOPICAL TERM
Topical term or geographic name as entry element Travel
9 (RLIN) 25007
700 ## - ADDED ENTRY--PERSONAL NAME
Personal name Learmonth, A.T.A.
9 (RLIN) 29433
700 ## - ADDED ENTRY--PERSONAL NAME
Personal name Farmer, B.H.
9 (RLIN) 29434
942 ## - ADDED ENTRY ELEMENTS (KOHA)
Source of classification or shelving scheme Dewey Decimal Classification
Koha item type English Books
Classification part 915
Call number suffix SPA
Holdings
Withdrawn status Lost status Damaged status Not for loan Home library Current library Date acquired Source of acquisition Cost, normal purchase price Total Checkouts Full call number Barcode Date last seen Copy number Cost, replacement price Price effective from Koha item type
        Central Library Central Library 09/07/2015 Cen Lib/Ret 0.00   915 SPA 690651 09/07/2015 1 0.00 09/07/2015 English Books

© Delhi Public Library
Hit Counter
free hit counter